|
|
|
|
| LEADER |
00000nam a22000007a 4500 |
| 008 |
171010b2017 cr ||||| |||| 00| | spa d |
| 999 |
|
|
|c 3433
|d 3433
|
| 090 |
|
|
|a 05.03.03
|b 2423
|
| 100 |
1 |
|
|9 731
|a Rescia Chinchilla, Lucía
|
| 245 |
1 |
0 |
|a Manifestaciones de las representaciones sociales sobre el rol de género de un grupo de educadores de secundaria /
|c Lucía Rescia Chinchilla, Maritza Veitch Forbes
|
| 260 |
|
|
|a [San José, Costa Rica] :
|b INIE,
|c [2017]
|
| 300 |
|
|
|a 65 páginas
|
| 500 |
|
|
|a Informe final Proyecto d einvestigación Nº 724-B3-357
|
| 650 |
1 |
4 |
|9 1030
|a ROLES DE LOS GÉNEROS
|
| 650 |
1 |
4 |
|9 331
|a DOCENTES
|
| 650 |
1 |
4 |
|9 456
|a EDUCACIÓN SECUNDARIA
|
| 700 |
1 |
|
|9 3233
|a Veitch Forbes, Maritza
|
| 942 |
|
|
|i 004356
|h 05.03.03 2423
|2 z
|c 04
|